Statistics for Tangled character quiz

Click here to take the quiz!

General Stats

  • This quiz has been taken 44 times
  • The average score is 6 of 8

Answer Stats

HintAnswer% Correct
princessRapunzel
100%
villainMother Gothel
97%
chameleonPascal
97%
princess's love interestFlynn Rider
88%
horseMaximus
85%
thief brothersStabbington brothers
62%
princess's fatherKing
59%
princess's motherQueen
59%

Score Distribution

Percentile by Number Answered

Percent of People with Each Score

Your Score History

You have not taken this quiz